| 000 | 00552nam a22001937a 4500 | ||
|---|---|---|---|
| 003 | OSt | ||
| 005 | 20140310181752.0 | ||
| 008 | 130628t xxu||||| |||| 00| 0 eng d | ||
| 020 | _a9718509887 | ||
| 050 |
_aHC 460 _b.D888 1992 |
||
| 082 |
_aFIL 607.1 _bB29ce 1992 |
||
| 100 | _aDumlao, Jerome del Pozo | ||
| 245 |
_aComputer education 3 and 4. / _cJerome del Pozo Dumlao. |
||
| 260 |
_aMakati, Metro Manila : _bBasic Media Systems, _c1992. |
||
| 300 |
_a99 p. ; _c26 cm. _bill. ; |
||
| 650 | _aComputers | ||
| 942 |
_2lcc _cBK _kFIL |
||
| 999 |
_c3286 _d3286 |
||